[Event "Wch U14 Girls"]
[Site "Porto Carras"]
[Date "2018.10.23"]
[Round "5"]
[White "Zeng, Sheena"]
[Black "Sim, Jia Ru"]
[Result "1-0"]
[WhiteElo "1807"]
[BlackElo "1979"]
[PlyCount "123"]
[EventDate "2018.10.20"]
[EventType "swiss"]
[EventRounds "11"]
[EventCountry "GRE"]
[SourceTitle "CBM 187 Extra"]
[Source "ChessBase"]
[SourceDate "2018.11.04"]
[SourceVersion "1"]
[SourceVersionDate "2018.11.04"]
[SourceQuality "1"]

1. d4 d5 2. c4 dxc4 3. Nf3 c5 4. e3 cxd4 5. Bxc4 Qc7 6. Qb3 e6 7. exd4 Nf6 8. 0-0 Nc6 9. Nc3 a6 10. Bd3 Be7 11. h3 0-0 12. Be3 Nb4 13. Bb1 Nbd5 14. Nxd5 Nxd5 15. Be4 Nf6 16. Bd3 b5 17. Rac1 Qd6 18. Ng5 Bb7 19. f3 h6 20. Ne4 Qb8 21. Nxf6+ Bxf6 22. Be4 Rd8 23. Rfd1 Bd5 24. Bxd5 Rxd5 25. Rc5 Rd7 26. Qc2 Qd8 27. Qe4 Qf8 28. a4 Rb8 29. axb5 axb5 30. Rdc1 Qd8 31. Rd1 Rd6 32. d5 Bxb2 33. Bf4 Rxd5 34. Rcxd5 exd5 35. Qb4 Qb6+ 36. Kh1 Rd8 37. Qxb2 d4 38. Qb4 d3 39. Qe4 Rd4 40. Be3 Rxe4 41. Bxb6 Re6 42. Bc5 Rc6 43. Bb4 Rc4 44. Ba5 Rd4 45. Kg1 f5 46. Bc3 Rd5 47. f4 g5 48. fxg5 hxg5 49. Kf2 Kf7 50. Ke3 f4+ 51. Ke4 Ke6 52. Rxd3 Rxd3 53. Kxd3 Kf5 54. Ke2 g4 55. hxg4+ Kxg4 56. Kf2 Kg5 57. Kf3 Kf5 58. Bd2 Kg6 59. Kxf4 Kf6 60. Bb4 Kg6 61. Kg4 Kf7 62. Kf5 1-0